| 000 | 01184nmm a2200421 a 4500 | ||
|---|---|---|---|
| 003 | AR-BaBNM | ||
| 005 | 20251128210149.0 | ||
| 008 | 159019s1998 ||||||||||||||000 | spa|| | ||
| 020 | _a950-23-0756-9 | ||
| 040 | _cAR-BaBNM | ||
| 245 | 1 | 0 |
_aLa juventud latinoamericana en los procesos de globalización _bopción por los jóvenes |
| 260 |
_aBuenos Aires _bEudeba _bFlacso _c1998 |
||
| 300 | 0 |
_a384 p. _btablas |
|
| 504 | _aCada trabrajo cuenta con bibliografía para consultar | ||
| 610 | 2 | 4 | _aIGLESIA CATOLICA |
| 650 | 4 | _aSOCIOLOGIA | |
| 650 | 4 | _aCATOLICISMO | |
| 650 | 4 | _aIGLESIA CATOLICA | |
| 650 | 4 | _aFILOSOFOS | |
| 650 | 4 | _aANTROPOLOGIA CULTURAL Y SOCIAL | |
| 650 | 4 | _aIDEOLOGIAS | |
| 650 | 4 | _aCAMBIO SOCIAL | |
| 650 | 4 | _aFILOSOFIA DEL ESPIRITU | |
| 650 | 4 | _aETICA | |
| 650 | 4 | _aVALORES | |
| 650 | 4 | _aJUVENTUD | |
| 650 | 4 | _aPROBLEMAS DE LA JUVENTUD | |
| 650 | 4 | _aOPORTUNIDADES DE EMPLEO | |
| 650 | 4 | _aBIENESTAR SOCIAL | |
| 651 | 4 | _aArgentina | |
| 651 | 4 | _aAmérica Latina | |
| 653 | 0 | _aMODERNIDAD | |
| 653 | 0 | _aGLOBALIZACION | |
| 700 | 1 |
_aHünermann, Peter _eeditor |
|
| 700 | 1 |
_aEckholt, Margit _eeditor |
|
| 942 | _cBK | ||
| 998 | _cMariana | ||
| 999 |
_c14329 _d14329 |
||